Clubs français finalistes de coupe Européenne - Statistiques

Statistiques générales
  • Ce quiz a été pris 121 fois
  • Le résultat moyen est 14 sur 15
Statistiques - réponses
Années Clubs Clubs Finalistes % Correct
1996 Paris Saint-Germain Rapid Vienne
100%
1997 Paris Saint-Germain FC Barcelone
100%
2020 Paris Saint-Germain Bayern Munich
100%
1991 Olympique De Marseille Étoile Rouge De Belgrade
99%
1993 Olympique De Marseille AC Milan
99%
1999 Olympique De Marseille Parme
99%
2004 Olympique De Marseille Valence CF
99%
2018 Olympique De Marseille Atletico De Madrid
99%
1992 AS Monaco Werder Brême
94%
2004 AS Monaco FC Porto
94%
1976 AS Saint-Etienne Bayern Munich
94%
1996 Girondins De Bordeaux Bayern Munich
89%
1956 Stade De Reims Real Madrid
86%
1959 Stade De Reims Real Madrid
86%
1978 SC Bastia PSV Eindhoven
51%
Aucun quiz correspondant
Distribution des résultats
% des personnes avec chaque résultat
Percentile par nombre de réponses
Votre historique - résultats
Vous n’avez pas pris ce quiz